000 00516cam a2200205 4500
001 B2606
008 090401t1989 xxu||||| |||| 00| 0 eng d
035 _a(Sirsi) u51129
041 _aeng
050 _a526.03
245 _aMultilingual dictionary of geodesy
260 _aBudapest
_bOMIKK Technoinform
_c1989
300 _a5v. ; 24cm.
350 _a19.95
650 _aDICTIONARIES
650 _aHUNGARIAN GEODETIC AND MAPPING CO
700 _aCsatkai, Denes.
_xEditor
942 _n0
948 _c04/03/1997
999 _c92823
_d92823